Statistics for Cherish Charting Songs (Billboard Hot 100)

Click here to take the quiz!

General Stats

  • This quiz has been taken 6 times
  • The average score is 3 of 5

Answer Stats

AlbumWeeks OnPeakArtist(s)Song% Correct
Unappreciated21 Weeks#12Cherish ft. Sean Paul of the YoungBloodZDo It To It
100%
Non-Album Single12 Weeks#65ACRAZE ft. CherishDo It To It
100%
Unappreciated17 Weeks#41CherishUnappreciated
67%
Limelite, Luv & Niteclubz16 Weeks#44Da Brat ft. CherishIn Love Wit Chu
33%
The Truth15 Weeks#39Cherish ft. Yung JocKilla
33%

Score Distribution

Percentile by Number Answered

Percent of People with Each Score

Your Score History

You have not taken this quiz